| 000 | 00817nam a2200217 a 4500 | ||
|---|---|---|---|
| 003 | BD-RjUL | ||
| 005 | 20250626140158.0 | ||
| 008 | 250626s1977 ii ||||| |||| 00| 0 urd d | ||
| 035 | _a(BD-RjUL) | ||
| 040 |
_aBD-RjUL _beng _cBD-RjUL |
||
| 041 | _aurd | ||
| 082 |
_223 _a891.439092 _bHAY 1977 |
||
| 100 |
_aحالی ، خواجہ الطاف حسین ;; Hali, Khawaja Altaf Hussain _915807 |
||
| 245 |
_aيادگار غالب / / Yādgār-i Ġālib / _cAltaf hussain Hali ;; از خواجه الطاف حسين حالى |
||
| 260 |
_aNewDelhi : _bمکتبۃ جامعہ ; _c1977 |
||
| 300 |
_a219 p. ; _c18 cm |
||
| 600 |
_aGhalib, Mirza Asadullah Khan, _d1797–1869 _xBiography _915808 |
||
| 650 |
_aUrdu poetry _vHistory and criticism _98497 |
||
| 650 |
_aPoets, Urdu _vBiography _zIndia _915809 |
||
| 942 |
_2ddc _cBK |
||
| 999 |
_c85071 _d85071 |
||